000
00204 a2200097 4500
020
_a
9780545470155
041
_a
eng
100
_a
Berenstain, Stan
245
_a
The berenstain bears, Out West
942
_c
BK
999
_c
31472
_d
31470